00836cam a2200241 a 4500001000400000003001000004005001700014008004100031020001800072040002500090080002300115100002900138245008200167250002500249260003900274300002100313490004000334504002500374650005800399650004800457650006100505830002800566198BR-CuiBMT20231114122915.0230828s2022 mgb 000 0 por d a9786555183306 aBR-CuiBMTcBR-CuiBMT 22007a351.712.2.021 aNiebuhr, Joel de Menezes10aLicitação pública e contrato administrativo /cJoel de Menezes Niebuhr. a5. ed., rev. e ampl. aBelo Horizonte :bFórum,cc2022. a1247 p. ;c24 cm1 aColeção Fórum Menezes Niebuhr aInclui bibliografia. aContrato administrativoxAspectos jurídicoszBrasil aLicitaçãoxAspectos jurídicoszBrasil aAdministração públicaxContratações públicas 0aFórum Menezes Niebuhr